Current countries with most Olympic medals in athletics (track and field) - Statistics

General Stats
  • This quiz has been taken 1,967 times
  • The average score is 20 of 26
Answer Stats
Hint Answer % Correct
767 United States
100%
194 Great Britain
97%
21 China
96%
78 Russia
96%
61 France
95%
77 Germany
95%
53 Canada
93%
23 Japan
92%
60 Italy
90%
71 Australia
88%
67 Jamaica
88%
79 Kenya
85%
81 Sweden
83%
45 Ethiopia
79%
20 Norway
79%
54 Poland
79%
24 South Africa
74%
114 Finland
73%
29 Greece
68%
18 Ukraine
63%
20 New Zealand
59%
40 Hungary
58%
35 Romania
58%
39 Cuba
56%
18 Bulgaria
50%
19 Morocco
45%
No matching quizzes found
Score Distribution
Percent of People with Each Score
Percentile by Number Answered
Your Score History
You have not taken this quiz